000 00237nam a22001097a 4500
020 _a6781187074346
082 _aK760
100 _aSTILTON, GERONIMO
245 _aTHE FIRST SAMURAI - GRAPHIC NOVEL - BOOK 12
300 _a56P
942 _cBK
999 _c3085
_d3085